01255nam a2200313Ia 4500001001200000003000800012006001900020007001500039008004100054010001700095020003600112020003300148020003600181020003300217040002100250035002100271050002800292245007800320260005800398300001600456504005100472533015200523650004700675650002700722655002900749700002000778710001700798856012600815ebr10285618CaPaEBRm u cr cn|||||||||080227s2008 mnu sb s001 0 eng d z 2008009095 z9780816650149 (hc : alk. paper) z0816650144 (hc : alk. paper) z9780816650156 (pb : alk. paper) z0816650152 (pb : alk. paper) aCaPaEBRcCaPaEBR a(OCoLC)32107557214aHE9797.4.S4bP65 2008eb00aPolitics at the airporth[electronic resource] /cMark B. Salter, editor. aMinneapolis :bUniversity of Minnesota Press,cc2008. axix, 183 p. aIncludes bibliographical references and index. aElectronic reproduction.bPalo Alto, Calif. :cebrary,d2009.nAvailable via World Wide Web.nAccess may be limited to ebrary affiliated libraries. 0aInternational airportsxSecurity measures. 0aTerrorismxPrevention. 7aElectronic books.2local1 aSalter, Mark B.2 aebrary, Inc.40uhttp://site.ebrary.com/lib/rucke/Doc?id=10285618zAn electronic book accessible through the World Wide Web; click to view